Capitales des pays les moins denses du monde ( difficile ) - Statistiques

Statistiques générales
  • Ce quiz a été pris 54 fois
  • Le résultat moyen est 5 sur 10
Statistiques - réponses
densité par habitants au km² nom de la capitale correspondante % Correct
1,8 habitants au km² Oulan-Bator
88%
2,6 habitants au km² Canberra
67%
3,3 habitants au km² Ottawa
67%
2,9 habitants au km² Reykjavik
48%
2,5 habitants au km² Windhoek
46%
2,7 habitants au km² Paramaribo
40%
3,6 habitants au km² Georgetown
38%
3,3 habitants au km² Tripoli
35%
2,7 habitants au km² Gaborone
29%
3 habitants au km² Nouakchott
29%
Aucun quiz correspondant
Distribution des résultats
% des personnes avec chaque résultat
Percentile par nombre de réponses
Votre historique - résultats
Vous n’avez pas pris ce quiz